| 000 | 00455nam a2200157 a 4500 | ||
|---|---|---|---|
| 001 | 6311 | ||
| 003 | CO-ViMGA | ||
| 008 | 141112s2004 ck r 000 u spa d | ||
| 040 |
_aCO-ViMGA _bspa _cCO-ViMGA |
||
| 082 | 0 | 4 | _a634.99 M346 |
| 245 | 1 | 0 |
_aMejora de pastos en secanos semiaridos de suelos ácidos / _cGonzález de Tanago Antonio y otros |
| 260 |
_aMadrid : _bExtensión agraria, _c1984 |
||
| 300 | _a218 p : il | ||
| 650 | 1 | 4 | _aPASTOS |
| 942 |
_2ddc _cBK |
||
| 999 |
_c18282 _d18282 |
||